| 000 | 01108nam a22002777a 4500 | ||
|---|---|---|---|
| 003 | DO-SdBNP | ||
| 005 | 20210920122210.0 | ||
| 007 | ta | ||
| 008 | 210920e2019 ||||e |||| 001 0aspa d | ||
| 020 | _a978849491127 | ||
| 040 |
_aDO-SdBNP _bspa _cBNPHU |
||
| 082 | 4 |
_222 _a207.2 _bM183r |
|
| 100 | 1 |
_aMadrigal Mir, Carlos _d1960- _979958 |
|
| 245 | 1 | 0 |
_aRecomponiendo la misión con Jesús : _bReflexiones sobre la misión, tarea global y sus implicaciones para el mundo / _cCarlos Madrigal Mir. |
| 250 | _a3ra. | ||
| 260 |
_aSanto Domingo : _bLibertad, _c2019. |
||
| 300 |
_a286 p. : _c20 cm. |
||
| 500 | _a"Bogotá-Estambul, agosto de 2017". | ||
| 505 | _aContenido | ||
| 505 |
_aPeámbulo. _t1. El objetivo de la misión -- _t2. El modelo de Jesús -- _t3. Señor, muéstranos tu gloria -- _t4. De las moscas a las arañas -- _t5. Contextualización -- _t 6. La iglesia que anhela Jesús -- _t7. En pos de lo supremo -- _tUna última reflexión -- |
||
| 590 | _aInventariado, 2019 / SA | ||
| 650 | 4 |
_952805 _aMisiones |
|
| 650 | 4 |
_aMisión de la Iglesia _979959 |
|
| 910 | _aSaquino | ||
| 942 |
_2ddc _cLBS1 |
||
| 999 |
_c50580 _d50580 |
||